|
|
|
|
| LEADER |
00000nas a2200000 i 4500 |
| 001 |
ssj0001683390 |
| 003 |
WaSeSS |
| 005 |
20200512172242.0 |
| 006 |
m d |
| 007 |
cr n |
| 008 |
160219d20152018ncufr pos 0 a0eng |
| 010 |
|
|
|a 2016203977
|
| 022 |
|
|
|a 2474-8102
|y 2470-9506
|
| 035 |
|
|
|a (WaSeSS)ssj0001683390
|
| 037 |
|
|
|b UNC Press, 116 South Boundary St., Chapel Hill, NC 27514-3808
|c $40.00 (individuals)
|c $70.00 (institutions)
|
| 037 |
|
|
|a 22573/ctt1b2pv3g
|b JSTOR
|
| 040 |
|
|
|a DLC
|b eng
|c AUD
|d OCLCO
|d AUD
|d GYG
|d DLC
|d OCLCF
|d OCLCO
|d OCLCQ
|d TEF
|d TXA
|d NTG
|d CUS
|d WaSeSS
|
| 042 |
|
|
|a pcc
|a nsdp
|
| 050 |
0 |
0 |
|a PS261
|b .S527
|
| 082 |
1 |
0 |
|a 810.9
|2 23
|
| 130 |
0 |
|
|a South (Chapel Hill, N.C.)
|
| 222 |
|
0 |
|a South
|b (Chapel Hill, N.C. Online)
|
| 245 |
1 |
0 |
|a South
|h [electronic resource] :
|b a scholarly journal.
|
| 246 |
1 |
|
|a Scholarly journal
|
| 260 |
|
|
|a Chapel Hill, North Carolina :
|b Department of American Studies, University of North Carolina at Chapel Hill,
|c [2015]-[2018]
|
| 310 |
|
|
|a Semiannual
|
| 362 |
1 |
|
|a Began with: Volume 48, number 1 (fall 2015); ceased with Volume 51, number 1 (fall 2018).
|
| 506 |
|
|
|a License restrictions may limit access.
|
| 588 |
|
|
|a Description based on: Volume 48, number 1 (fall 2015); title from PDF table of contents (JSTOR, viewed May 1, 2018).
|
| 588 |
|
|
|a Latest issue consulted: Volume 51, number 1 (fall 2018) (Project Muse, viewed May 2, 2020).
|
| 650 |
|
0 |
|a American literature
|z Southern States
|v Periodicals.
|
| 650 |
|
0 |
|a American literature
|z Southern States
|x History and criticism
|v Periodicals.
|
| 650 |
|
7 |
|a American literature.
|2 fast
|0 (OCoLC)fst00807113
|
| 651 |
|
7 |
|a Southern States.
|2 fast
|0 (OCoLC)fst01244550
|
| 655 |
|
0 |
|a Electronic journals.
|
| 710 |
2 |
|
|a University of North Carolina at Chapel Hill.
|b Department of American Studies.
|
| 710 |
2 |
|
|a University of North Carolina Press.
|
| 776 |
0 |
8 |
|i Print version:
|t South (Chapel Hill, N.C.)
|x 2470-9506
|w (DLC) 2016201476
|w (OCoLC)939926652
|
| 780 |
0 |
0 |
|t Southern literary journal (Online)
|x 1534-1461
|w (DLC) 2001212093
|w (OCoLC)45456782
|
| 856 |
4 |
0 |
|z Full text available from Research Library: 10/01/1997 to 10/31/2018
|u https://search.proquest.com/publication/34811
|